|
|
|
|
| LEADER |
00000nam0a2200000 4500 |
| 001 |
322066 |
| 005 |
20231102003434.0 |
| 035 |
|
|
|a (RuTPU)RU\TPU\book\347622
|
| 090 |
|
|
|a 322066
|
| 100 |
|
|
|a 20160914d1893 km y0rusy50 ca
|
| 101 |
0 |
|
|a rus
|
| 102 |
|
|
|a RU
|
| 105 |
|
|
|a a z 001zy
|
| 200 |
1 |
|
|a Основания графических способов расчета мостов простых систем
|f С. К. Куницкий
|
| 210 |
|
|
|a Санкт-Петербург
|c Типография Ю. Н. Эрлих
|d 1893
|
| 215 |
|
|
|a 116 с.
|c ил.
|e Прилож.: 11 вкл. л. черт.
|
| 317 |
|
|
|5 63413507
|a Дар Михайловского
|
| 320 |
|
|
|9 572
|a Библиогр.: с. 3
|
| 606 |
1 |
|
|a Мосты
|2 stltpush
|3 (RuTPU)RU\TPU\subj\44505
|9 63821
|
| 610 |
1 |
|
|a мостостроение
|
| 610 |
1 |
|
|a расчеты
|
| 610 |
1 |
|
|a графические изображения
|
| 610 |
1 |
|
|a мостовые балки
|
| 610 |
1 |
|
|a опоры
|
| 610 |
1 |
|
|a фермы
|
| 610 |
1 |
|
|a изгибающие моменты
|
| 610 |
1 |
|
|a статически определимые системы
|
| 610 |
1 |
|
|a арки
|
| 675 |
|
|
|a 624.21
|v 4
|
| 700 |
|
1 |
|a Куницкий
|b С. К.
|
| 801 |
|
1 |
|a RU
|b 63413507
|c 20160914
|
| 801 |
|
2 |
|a RU
|b 63413507
|c 20200708
|g RCR
|
| 942 |
|
|
|c BK
|